Countries With 2% of the World’s Population - Statistics

General Stats
  • This quiz has been taken 36 times
  • The average score is 8 of 8
Answer Stats
Percent of World Population Country % Correct
4.27 United States
100%
18.01 India
97%
2.72 Brazil
94%
17.80 China
94%
2.86 Nigeria
94%
3.06 Pakistan
94%
3.50 Indonesia
91%
2.18 Bangladesh
89%
No matching quizzes found
Score Distribution
Percent of People with Each Score
Percentile by Number Answered
Your Score History
You have not taken this quiz